| 000 | 00706cam a2200157ua 4500 | ||
|---|---|---|---|
| 041 |
_aeng _h |
||
| 082 |
_a691.161 _bIND/SA |
||
| 110 | 1 |
_aIndian Standards Institution . _b _c() |
|
| 245 |
_aSafety code for constructions involving use of hot bitumenous materials / _cIndian Standards Institution. _hTextual Documents |
||
| 250 |
_a1 / _b. |
||
| 260 |
_aNew Delhi : _bIndian Standards Institution , _c1982. |
||
| 300 | _a9 ; . | ||
| 504 | _a | ||
| 942 | _cBK | ||
| 999 |
_c9707 _d9707 |
||